| 000 | 00394 a2200145 4500 | ||
|---|---|---|---|
| 001 | 38872 | ||
| 082 | _a621.38415 ROD | ||
| 090 |
_c24598 _d24598 |
||
| 100 | _aRoden, Martin S. | ||
| 245 |
_aAnalog and Digital Communication system, 4rth Ed _cMartin S.Roden |
||
| 250 | _a4 | ||
| 260 |
_aNew Jersey _bPrentice Hall _c1991 |
||
| 300 |
_a505 p. _bphotocopy |
||
| 500 | _aBE textbook Avionics | ||
| 942 |
_aNUST-CAE _k621.38415 ROD |
||
| 999 |
_c273945 _d273945 |
||